| 000 | 00447nam a2200205Ia 4500 | ||
|---|---|---|---|
| 001 | 13013 | ||
| 003 | GE_BSU | ||
| 008 | 181216s||||||||xx |||||||||||||| ||und|| | ||
| 020 | _a9780586218525 | ||
| 040 | _cGE_BSU | ||
| 080 | _a821.111-3 | ||
| 100 | _aHill,Reginald. | ||
| 245 | _aBorn Guilty. | ||
| 260 | _aLondon. | ||
| 260 | _bHarper Collins Publishers. | ||
| 260 | _c1994 | ||
| 300 | _a224p;18cm. | ||
| 653 | _aBorn Guilty. | ||
| 942 | _cBK | ||
| 999 |
_c46181 _d46181 |
||